Statistiken für Länder des Commonwealth of Nations Quiz

Klicken Sie hier um das Quiz zu spielen!

Allgemein

  • Dieses Quiz wurde 1,293 mal gespielt
    (62 seit der letzten Aktualisierung)
  • Das Durchschnittsergebnis liegt bei 43 aus 54

Antwortstatistiken

Beigetreten Land % Korrekt
1931Australien
100%
1931Neuseeland
98%
1931Vereinigtes Königreich
96%
1931Kanada
94%
1961Tansania
92%
1980Vanuatu
92%
1970Fidschi
90%
1931Südafrika
90%
1978Tuvalu
90%
1947Indien
88%
1970Tonga
88%
1963Kenia
86%
1970Samoa
86%
1973Bahamas
84%
1979St. Vincent und
die Grenadinen
84%
1979Kiribati
84%
1966Barbados
84%
1957Ghana
84%
1968Nauru
84%
1947Pakistan
82%
1960Nigeria
82%
1978Salomonen
82%
1964Sambia
82%
1979St. Lucia
82%
1962Uganda
80%
1968Eswatini
80%
1983St. Kitts und Nevis
80%
2009Ruanda
80%
1995Mosambik
80%
1974Grenada
80%
1966Botswana
80%
1972Bangladesch
80%
1990Namibia
80%
1966Lesotho
80%
1976Seychellen
78%
1981Antigua und Barbuda
78%
1948Sri Lanka
78%
1981Belize
76%
1962Jamaika
76%
1978Dominica
74%
1957Malaysia
74%
1966Singapur
74%
1962Trinidad und Tobago
72%
1965Gambia
72%
1968Mauritius
70%
1995Kamerun
68%
1982Malediven
68%
1975Papua-Neuguinea
68%
1964Malawi
66%
1964Malta
64%
1961Sierra Leone
62%
1984Brunei
62%
1961Zypern
58%
1966Guyana
58%

Verteilung der Resultate

Perzentil nach korrekt beantworteten Fragen

Anzahl Personen mit jedem Resultat

Ihre Resultats-Entwicklung

Sie haben dieses Quiz seit der letzten Aktualisierung nicht gespielt